Stress Tests in Actuarial Practice

Snaha analyzovať a zmerať nové typy rizík v poisťovniach a prehodnotiť pôvodné poistno-matematické metódy na hodnotenie týchto rizík. Prezentovanie metodiky záťažových testov a analýzy scenírov.

Gespeichert in:
Bibliographische Detailangaben
1. Verfasser: Páleš, Michal, 1984-
Weitere Verfasser: Kaderová, Andrea
Format: Buchkapitel
Sprache:Englisch
Schlagworte:
Tags: Tag hinzufügen
Keine Tags, Fügen Sie das erste Tag hinzu!

MARC

LEADER 00000naa$a2200000$$$4500
001 0251118
005 20240502083718.1
041 0 |a eng 
044 |a CZ 
245 1 0 |a Stress Tests in Actuarial Practice  |c Michal Páleš, Andrea Kaderová 
520 |a Snaha analyzovať a zmerať nové typy rizík v poisťovniach a prehodnotiť pôvodné poistno-matematické metódy na hodnotenie týchto rizík. Prezentovanie metodiky záťažových testov a analýzy scenírov. 
610 2 0 |a modely stochastické 
610 2 0 |a risk management 
610 2 0 |a riziko 
610 2 0 |a solventnosť 
100 1 |a Páleš, Michal, 1984- 
700 1 |a Kaderová, Andrea